000 01099cam a2200313 i 4500
001 16004514
003 EG-ScBUE
005 20241023083221.0
008 091202t2010 maua f b 001 0 eng d
020 _a9781568814575 (alk. paper)
020 _a1568814577 (alk. paper)
040 _aDLC
_beng
_erda
_cDLC
_dYDXCP
_dTXA
_dC#P
_dBWX
_dCDX
_dDLC
_dEG-ScBUE
082 0 4 _a516.36
_222
_bLOV
100 1 _aLovett, Stephen
_q(Stephen T.)
_eauthor.
_928599
245 1 0 _aDifferential geometry of manifolds /
_cStephen Lovett.
264 1 _aNatick, Mass. :
_bA.K. Peters,
_c[2010]
264 4 _cc2010
300 _axiii, 421 pages :
_billustrations ;
_c27 cm
336 _2rdacontent
_atext
_btxt
337 _aunmediated
_2rdamedia
_bn
338 _avolume
_bnc
_2rdacarrier
504 _aIncludes bibliographical references and index.
650 7 _aManifolds (Mathematics)
_2BUEsh
_928600
650 7 _aDifferential geometry.
_2BUEsh
_928601
653 _cFebruary2012
655 _vReading book
942 _2ddc
_cBB
999 _c16383
_d16383